| 000 | 010740000a22004210004500 | ||
|---|---|---|---|
| 082 |
_a305.800954 _bSh13d |
||
| 518 | _a2008-05-13 | ||
| 530 | _aM | ||
| 100 | _aShah, Ghanshyam, ed. | ||
| 245 | _aDalit identity and politics | ||
| 020 | _a0-7619-9583-8 | ||
| 260 |
_aNew Delhi _bSage Publications, India |
||
| 260 | _c2001 | ||
| 300 | _a305p. | ||
| 041 | _aEng | ||
| 440 |
_aCultural subordination and the Dalit challenge _bvol. 2 |
||
| 500 | _aBibliography: p.340-351 | ||
| 650 | _aSocial classes | ||
| 650 | _aDalits | ||
| 650 | _aPolitics and government | ||
| 650 | _aEconomic conditions | ||
| 650 | _aSocial conditions | ||
| 650 | _aCaste system | ||
| 650 | _aUntouchables | ||
| 650 | _aLanguage | ||
| 650 | _aDalitism | ||
| 650 | _aBrahmanism | ||
| 650 | _aDalit movements | ||
| 650 | _aDalits in literature | ||
| 651 | _aIndia | ||
| 651 | _aMaharastra | ||
| 650 | _aDalit christians | ||
| 650 | _aAmbedkar | ||
| 650 | _aDalit cultural movement | ||
| 650 | _aCultural subordination | ||
| 005 | 20120907085140.0 | ||
| 942 | _cGEN | ||
| 999 |
_c44345 _d44345 |
||